|
|
|
|
| LEADER |
00000nam a22000007a 4500 |
| 001 |
8279 |
| 003 |
CZ-ZlUTB |
| 005 |
20190825232317.0 |
| 008 |
030220s1998 xr |||||r|||||||||||cze|d |
| 020 |
|
|
|a 8071941271
|
| 040 |
|
|
|a ZLD002
|b cze
|c ZLD002
|
| 080 |
|
|
|a 656
|2 v
|
| 080 |
|
|
|a 658.8
|2 v
|
| 100 |
1 |
|
|a Přikrylová, Jana,
|d 1951-
|7 jn20000401835
|4 aut
|
| 245 |
1 |
0 |
|a Marketing v dopravě II /
|c Jana Nagyová
|
| 250 |
|
|
|a Vyd. 1.
|
| 260 |
|
|
|a Pardubice :
|b Univerzita Pardubice,
|c 1998
|
| 300 |
|
|
|a 100 s.
|
| 650 |
0 |
4 |
|a DOPRAVA
|
| 650 |
0 |
4 |
|a MARKETING
|
| 655 |
|
7 |
|a vysokoškolská skripta
|7 fd190824
|2 czenas
|
| 910 |
|
|
|a ZLD002
|
| 952 |
|
|
|0 0
|1 0
|4 0
|6 S339138NAGYOVÁJ
|7 0
|8 BOOK
|9 14064
|a UTBZL
|b UTBZL
|c 007
|d 2006-07-29
|l 0
|o S339.138/NAGYOVÁ,J.
|p 420010078837
|q 2099-12-31
|r 2019-08-25 00:00:00
|v 60.00
|w 2019-08-25
|x N:nákup | 20100630
|y 08
|
| 992 |
|
|
|a BK
|
| 999 |
|
|
|c 8279
|d 8279
|